00475pab a2200145 454500008004000000100001700040245009900057260000900156300001500165362000800180650004200188650002800230700001900258773005200277180718b2008 xxu||||| |||| 00| 0 eng d aBovens, Mark aDeciphering the Dutch drop: ten explanations for decreasing political trust in the Netherlands c2008 ap.283-305. aJun aNetherlands - Politics and government aPolitics and government aWille, Anchrit aInternational Review of Administrative Sciences